[Event "Let's Play Chess!"]
[Site "http://www.queenalice.com/game.php?id=841524"]
[Date "2010.10.4"]
[Round "-"]
[White "Scaracioli"]
[Black "SoonToBeGM"]
[Result "0-1"]
[WhiteElo "1656"]
[BlackElo "1500"]

1. e4 d5 2. e5 Bf5 3. d4 e6 4. h3 c5 5. dxc5 Bxc5 6. a3 Nc6 7. Bf4 Qb6 8. Be3
Bxe3 9. fxe3 Qxb2 10. Nd2 Bxc2 11. Qe2 Qxa1+ 12. Kf2 Ba4 13. Ngf3 a6 14. g4 Bb5
15. Qe1 Qxe1+ 16. Nxe1 Bxf1 17. Nxf1 Nxe5 18. Nd2 Ne7 19. Nc2 N7c6 20. Nd4 Nxd4
21. exd4 Nc4 22. Nxc4 dxc4 23. a4 Ke7 24. Rc1 b5 25. axb5 axb5 26. Rb1 Ra2+ 27.
Kg3 Rb8 28. Re1 Rd8 29. Re4 c3 30. Kf4 c2 31. Re2 Rxd4+ 32. Ke3 Rd1 33. h4 b4
34. Ke4 b3 35. g5 Ra4+ 36. Kf3 c1=Q 37. h5 Rf1+ 38. Rf2 Qd1+ 39. Kg2 Rg4+ 40.
Kh3 Rh1+ 41. Rh2 Qf3# 0-1

[Event "Let's Play Chess!"]
[Site "http://www.queenalice.com/game.php?id=841786"]
[Date "2010.10.4"]
[Round "-"]
[White "SoonToBeGM"]
[Black "basti822"]
[Result "1-0"]
[WhiteElo "1927"]
[BlackElo "1615"]

1. d4 g6 2. c4 Bg7 3. Nc3 c5 4. d5 Bxc3+ 5. bxc3 Nf6 6. Bh6 Qa5 7. Qc2 d6 8. Bg7
Rg8 9. Bxf6 exf6 10. Qe4+ Kd8 11. Qc2 Nd7 12. e3 Ne5 13. Bd3 Nxd3+ 14. Qxd3 Bf5
15. Qd2 Re8 16. f3 Qa4 17. g4 Bd7 18. Qd3 b5 19. cxb5 Bxb5 20. Qd2 Qc4 21. Kf2
f5 22. gxf5 Qh4+ 23. Kg2 gxf5 24. Ne2 Rg8+ 25. Ng3 Bd7 26. Rab1 f4 27. exf4 Qh3+
28. Kf2 h5 29. Rbg1 Kc7 30. c4 h4 31. Qa5+ Kc8 32. Ne4 Rxg1 33. Nxd6+ Kb8 34.
Rxg1 Qxh2+ 35. Rg2 Qxf4 36. Qd8+ 1-0

[Event "Let's Play Chess!"]
[Site "http://www.queenalice.com/game.php?id=841787"]
[Date "2010.10.4"]
[Round "-"]
[White "basti822"]
[Black "SoonToBeGM"]
[Result "0-1"]
[WhiteElo "1615"]
[BlackElo "1883"]

1. e4 d5 2. e5 Bf5 3. d4 e6 4. Bd3 Bxd3 5. Qxd3 c5 6. Qb5+ Qd7 7. Qxd7+ Nxd7 8.
Be3 cxd4 9. Bxd4 Bc5 10. Nf3 Bxd4 11. Nxd4 Nxe5 12. Nc3 O-O-O 13. O-O Ne7 14. a4
N7c6 15. Ndb5 Nc4 16. b3 Nd6 17. Nxd6+ Rxd6 18. Rad1 a6 19. Ne4 Rd7 20. Nc5 Rc7
21. c3 Nb8 22. b4 b6 23. Nd3 Rxc3 24. Ne5 f6 25. Nf7 Rf8 26. Nd6+ Kc7 27. Ne4
dxe4 28. Rc1 Rxc1 29. Rxc1+ Kb7 30. g3 Nc6 31. b5 axb5 32. axb5 Nd4 0-1

[Event "Let's Play Chess!"]
[Site "http://www.queenalice.com/game.php?id=841788"]
[Date "2010.10.4"]
[Round "-"]
[White "SoonToBeGM"]
[Black "basti822"]
[Result "1-0"]
[WhiteElo "1909"]
[BlackElo "1615"]

1. d4 g6 2. c4 c5 3. d5 Bg7 4. Nc3 Qa5 5. Bd2 Qb6 6. Qc2 e6 7. Nf3 Qd6 8. Nb5
Qb6 9. Bc3 Bxc3+ 10. Qxc3 f6 11. dxe6 dxe6 12. O-O-O a6 13. Nd6+ Kf8 14. Nxc8
Qc7 15. Nd6 Nc6 16. Ne4 Qf4+ 17. Qe3 Qxe3+ 18. fxe3 b6 19. Rd6 Ne5 20. Nxe5 fxe5
21. Rxb6 Ke7 22. Rb7+ Kf8 23. Nxc5 Rc8 24. Nxe6+ Ke8 25. Rc7 Rb8 26. c5 Ne7 27.
e4 Kf7 28. Ng5+ Kf6 29. Nf3 Rb4 30. Nd2 Rd4 31. e3 Rdd8 32. Bxa6 Ra8 33. Rf1+
Nf5 34. Rc6+ Kg7 35. exf5 gxf5 36. Rxf5 1-0

[Event "Let's Play Chess!"]
[Site "http://www.queenalice.com/game.php?id=841862"]
[Date "2010.10.4"]
[Round "-"]
[White "SoonToBeGM"]
[Black "McKubik"]
[Result "1-0"]
[WhiteElo "1778"]
[BlackElo "1342"]

1. d4 e6 2. c4 Bb4+ 3. Nd2 Nc6 4. Nf3 Qf6 5. a3 Ba5 6. b4 Bb6 7. c5 Bxc5 8. bxc5
b6 9. Ne4 Qg6 10. Qd3 bxc5 11. Nxc5 f5 12. g3 d6 13. Na6 Nf6 14. Nxc7+ Kf7 15.
Nxa8 Bb7 16. Nc7 e5 17. Qb3+ d5 18. Qxb7 Nd8 19. Nxe5+ Ke7 20. Nxg6+ hxg6 21.
Nxd5+ Ke6 22. Nf4+ Kd6 23. Qb8+ Kd7 24. Qxa7+ Ke8 25. Nxg6 Nd7 26. Nxh8 Nc6 27.
Qa8+ Ke7 28. Qxc6 g5 29. Bxg5+ Kf8 30. Qxd7 Kg8 31. Bf6 f4 32. Qg7# 1-0

[Event "Let's Play Chess!"]
[Site "http://www.queenalice.com/game.php?id=841863"]
[Date "2010.10.5"]
[Round "-"]
[White "SoonToBeGM"]
[Black "arkadiusz42"]
[Result "0-1"]
[WhiteElo "1844"]
[BlackElo "1524"]

1. d4 d5 2. c4 Nf6 3. cxd5 Qxd5 4. Nc3 Qc4 5. e4 Qe6 6. d5 Qe5 7. Nf3 Qd6 8. e5
Qd7 9. exf6 gxf6 10. Bb5 c6 11. dxc6 Qe6+ 12. Qe2 bxc6 13. Qxe6 fxe6 14. Bc4 Bg7
15. Nd4 c5 16. Nxe6 Bxe6 17. Bxe6 Nc6 18. Bd5 Rc8 19. Bxc6+ Rxc6 20. O-O O-O 21.
Be3 Rd8 22. Rad1 Rb8 0-1

[Event "Let's Play Chess!"]
[Site "http://www.queenalice.com/game.php?id=841867"]
[Date "2010.10.5"]
[Round "-"]
[White "SoonToBeGM"]
[Black "QDigg"]
[Result "0-1"]
[WhiteElo "1796"]
[BlackElo "1145"]

1. d4 Nc6 2. c4 Nxd4 3. Qxd4 b6 4. Nc3 c5 5. Qe4 Ba6 6. Nb5 Nf6 7. Qxa8 Qxa8 8.
Nc7+ Kd8 9. Nxa8 Bb7 10. Nxb6 axb6 11. Nf3 d6 12. b3 d5 13. Ne5 Ke8 14. e3 d4
15. exd4 cxd4 16. Bb2 e6 17. O-O-O Nd7 18. Nxd7 Kxd7 19. Bxd4 Ba3+ 20. Bb2+ Kc6
21. Bxa3 Ra8 22. Kb2 b5 23. cxb5+ Kb6 24. Rd6+ Kc7 25. b6+ Kb8 26. Rd7 Ba6 27.
Bd6+ Kc8 28. Rc7+ Kd8 29. Bxa6 Rxa6 0-1

[Event "Let's Play Chess!"]
[Site "http://www.queenalice.com/game.php?id=841868"]
[Date "2010.10.5"]
[Round "-"]
[White "SoonToBeGM"]
[Black "richcooke"]
[Result "0-1"]
[WhiteElo "1780"]
[BlackElo "1761"]

1. d4 Nf6 2. c4 e6 3. Nc3 Bb4 4. Qc2 Nc6 5. Nf3 d5 6. Bg5 O-O 7. e3 h6 8. Bxf6
Qxf6 9. a3 Bd6 10. cxd5 Na5 11. b4 exd5 12. bxa5 c6 13. Be2 Bf5 14. Bd3 Bxd3 15.
Qxd3 Bc7 16. O-O Qd6 17. g3 b6 18. axb6 axb6 19. a4 c5 20. Nb5 Qe7 21. Nxc7 Qxc7
22. dxc5 bxc5 23. a5 Rfd8 24. a6 Rd6 25. Rfb1 c4 26. Qe4 dxe4 0-1

[Event "Let's Play Chess!"]
[Site "http://www.queenalice.com/game.php?id=841869"]
[Date "2010.10.5"]
[Round "-"]
[White "SoonToBeGM"]
[Black "Enrico"]
[Result "1-0"]
[WhiteElo "1940"]
[BlackElo "1700"]

1. d4 d5 2. c4 dxc4 3. e4 e5 4. Nf3 Bg4 5. Bxc4 Bb4+ 6. Bd2 Bxd2+ 7. Nbxd2 Bxf3
8. Nxf3 exd4 9. Qb3 Nh6 10. Qxb7 Nd7 11. Nxd4 Nc5 12. Qc6+ Nd7 13. Bb5 a6 14.
Ba4 Rb8 15. O-O-O Rb6 16. Qd5 Rd6 17. Bxd7+ Qxd7 18. Qa8+ Qd8 19. Qxd8+ Rxd8 20.
Nc6 Rxd1+ 21. Rxd1 O-O 22. f3 Re8 23. Rd7 f6 24. Rxc7 Nf7 25. Kd2 h6 26. Rc8
Rxc8 27. Ne7+ Kf8 28. Nxc8 Ke8 29. Nb6 Kd8 30. Kc3 Kc7 31. Nc4 Kc6 32. Kd4 g6
33. f4 h5 34. e5 fxe5+ 35. Nxe5+ Nxe5 36. Kxe5 a5 37. Kf6 1-0

[Event "AUTO-ADV-1940"]
[Site "http://www.queenalice.com/game.php?id=847740"]
[Date "2010.10.18"]
[Round "1"]
[White "SoonToBeGM"]
[Black "thw"]
[Result "0-1"]
[WhiteElo "1921"]
[BlackElo "1775"]

1. d4 e6 2. c4 d5 3. Nf3 Nf6 4. Nc3 c5 5. cxd5 Nxd5 6. e4 Nxc3 7. bxc3 cxd4 8.
cxd4 Bb4+ 9. Bd2 Bxd2+ 10. Qxd2 O-O 11. Bc4 Nc6 12. O-O Bd7 13. d5 exd5 14. Bxd5
Rb8 0-1

[Event "AUTO-ADV-1940"]
[Site "http://www.queenalice.com/game.php?id=847741"]
[Date "2010.10.18"]
[Round "1"]
[White "thw"]
[Black "SoonToBeGM"]
[Result "1-0"]
[WhiteElo "1797"]
[BlackElo "1879"]

1. e4 e5 2. Nf3 Nf6 3. Nxe5 d6 4. Nf3 Nxe4 5. Qe2 Qe7 6. d3 Nf6 7. Bg5 Qxe2+ 8.
Bxe2 Be7 9. Nbd2 c5 10. h3 Be6 11. O-O Nc6 12. c3 Nd5 13. Bxe7 Kxe7 14. Rfe1 1-0

[Event "AUTO-ADV-1940"]
[Site "http://www.queenalice.com/game.php?id=847742"]
[Date "2010.10.18"]
[Round "1"]
[White "SoonToBeGM"]
[Black "Lopesq"]
[Result "1/2-1/2"]
[WhiteElo "1957"]
[BlackElo "1936"]

1. d4 d5 2. c4 e6 3. Nf3 c6 4. Nbd2 Be7 5. e4 Bb4 6. Qc2 Bxd2+ 7. Bxd2 dxc4 8.
Bxc4 Nd7 9. Bb4 a5 10. Bd6 Ndf6 11. Be5 a4 12. O-O Bd7 13. Rfe1 b5 14. Bd3 Rc8
15. b3 a3 16. Bd6 Ne7 17. Bxa3 1/2-1/2

[Event "AUTO-ADV-1940"]
[Site "http://www.queenalice.com/game.php?id=847743"]
[Date "2010.10.18"]
[Round "1"]
[White "Lopesq"]
[Black "SoonToBeGM"]
[Result "1-0"]
[WhiteElo "1937"]
[BlackElo "1955"]

1. d4 d5 2. Nf3 Nf6 3. c3 e6 4. Bg5 c5 5. e3 Qb6 6. Qc2 Ne4 7. Bf4 Bd6 8. Bxd6
Nxd6 9. Ne5 Nd7 10. dxc5 Qxc5 11. Nxd7 Bxd7 12. Bd3 h6 13. O-O Bb5 14. Bxb5+
Qxb5 15. Nd2 O-O 16. Nb3 Rfc8 17. a3 1-0

[Event "AUTO-ADV-1940"]
[Site "http://www.queenalice.com/game.php?id=847744"]
[Date "2010.10.18"]
[Round "1"]
[White "SoonToBeGM"]
[Black "MarcosT"]
[Result "1/2-1/2"]
[WhiteElo "1788"]
[BlackElo "1655"]

1. d4 Nf6 2. c4 g6 3. Nf3 Bg7 4. g3 O-O 5. Bg2 d6 6. O-O Nc6 7. Nc3 e5 8. dxe5
dxe5 9. Qxd8 Rxd8 10. Bg5 Re8 11. Rad1 Be6 12. b3 e4 13. Nd2 Bf5 14. Bxf6 Bxf6
15. Ndxe4 a6 16. Nxf6+ 1/2-1/2

[Event "AUTO-ADV-1940"]
[Site "http://www.queenalice.com/game.php?id=847745"]
[Date "2010.10.18"]
[Round "1"]
[White "MarcosT"]
[Black "SoonToBeGM"]
[Result "1/2-1/2"]
[WhiteElo "1649"]
[BlackElo "1796"]

1. e4 e5 2. Bc4 c6 3. Nc3 Nf6 4. d3 d5 5. exd5 cxd5 6. Bb3 h6 7. h3 Bb4 8. Bd2
Nc6 9. Nf3 e4 10. dxe4 dxe4 11. Qe2 O-O 12. Nh2 Nd4 13. Qc4 a5 14. O-O Be6 15.
Nd5 Nxb3 1/2-1/2